KOHA-Header-6

Transnational Management text, case and reading in cross border Management (Record no. 6418)

000 -LEADER
fixed length control field 00328nam a2200109Ia 4500
100 ## - MAIN ENTRY--AUTHOR NAME
Personal name Christoper A.Bartlett
245 #0 - TITLE STATEMENT
Title Transnational Management text, case and reading in cross border Management
260 ## - PUBLICATION, DISTRIBUTION, ETC. (IMPRINT)
Place of publication New York
Name of publisher Irwin McGraw Hill
Year of publication 2000
300 ## - PHYSICAL DESCRIPTION
Number of Pages 880
942 ## - ADDED ENTRY ELEMENTS (KOHA)
Koha item type Books
Holdings
Withdrawn status Lost status Permanent Location Current Location Date acquired Full call number Accession Number Koha item type
    MAJU MAJU 2019-09-07 658.04 4613 Books

Powered by Koha